Die Romantik in der Musik / (Record no. 62374)
[ view plain ]
| 000 -LEADER | |
|---|---|
| fixed length control field | 00721nam a2200241 a 4500 |
| 001 - CONTROL NUMBER | |
| control field | 62374 |
| 003 - CONTROL NUMBER IDENTIFIER | |
| rucl marc code | BD-RjUL |
| 005 - DATE AND TIME OF LATEST TRANSACTION | |
| control field | 20211209081056.0 |
| 008 - FIXED-LENGTH DATA ELEMENTS--GENERAL INFORMATION | |
| fixed length control field | 170123s1950 au 000 0 ger d |
| 035 ## - SYSTEM CONTROL NUMBER | |
| System control number | (BD-RjUL)62500 |
| System control number | (OCoLC)10444832 |
| 040 ## - CATALOGING SOURCE | |
| Original cataloging agency | DLC |
| Transcribing agency | CSfSt |
| Modifying agency | CSfSt |
| -- | DLC |
| -- | BD-RjUL |
| Language of cataloging | eng |
| 041 ## - LANGUAGE CODE | |
| Language code of text/sound track or separate title | eng |
| 082 ## - DEWEY DECIMAL CLASSIFICATION NUMBER | |
| Classification number | 780.903 |
| Edition number | 23 |
| Author mark and year | EID 1950 |
| 100 1# - MAIN ENTRY--PERSONAL NAME | |
| Personal name | Einstein, Alfred, |
| Dates associated with a name | 1880-1952. |
| 9 (RLIN) | 185514 |
| 245 14 - TITLE STATEMENT | |
| Title | Die Romantik in der Musik / |
| Statement of responsibility, etc. | Alfred Einstein |
| 260 ## - PUBLICATION, DISTRIBUTION, ETC. (IMPRINT) | |
| Place of publication, distribution, etc. | Wien : |
| Name of publisher, distributor, etc. | Berglandverlag, |
| Date of publication, distribution, etc. | c1950 |
| 300 ## - PHYSICAL DESCRIPTION | |
| Pagination | 434 p. ; |
| Size | 25 cm. |
| 650 #0 - SUBJECT ADDED ENTRY--TOPICAL TERM | |
| Topical term or geographic name as entry element | Music |
| Chronological subdivision | 19th century |
| General subdivision | History and criticism. |
| 9 (RLIN) | 185515 |
| Topical term or geographic name as entry element | Romanticism in music. |
| 9 (RLIN) | 185516 |
| 942 ## - ADDED ENTRY ELEMENTS (KOHA) | |
| Source of classification or shelving scheme | Dewey Decimal Classification |
| Koha item type | Books |
| Lost status | Source of classification or shelving scheme | Damaged status | Not for loan | Collection code | Permanent Location | Current Location | Shelving location | Date acquired | Source of acquisition | Cost, normal purchase price | Total Checkouts | Full call number | Date last seen | Copy number | Koha item type |
|---|---|---|---|---|---|---|---|---|---|---|---|---|---|---|---|
| Dewey Decimal Classification | Not For Loan | Non-fiction | Central Library, University of Rajshahi | Central Library, University of Rajshahi | Reading Room | 20/10/1959 | Paragon Enterprises Dhaka | 32.00 | 780.903 EID 1950 | 23/01/2017 | C-1 | Books |